000 00390nam a2200133Ia 4500
008 220217s9999||||xx |||||||||||||| ||und||
020 _a81-7236-228-5
082 _a005.133 NAY
100 _aNayyar, Puneet and kumar, Vipin
245 0 _aC++ for beginners
260 _aNational institute of science communication
_bNew Delhi
_c2002
300 _b35
650 _aPROGRAMMING LANGUAGE
999 _c180124
_d180124